The social workout book (Record no. 481786)

MARC details
000 -LEADER
fixed length control field 01779cam a2200373 a 4500
001 - CONTROL NUMBER
control field EDZ0000063532
003 - CONTROL NUMBER IDENTIFIER
control field StDuBDS
005 - DATE AND TIME OF LATEST TRANSACTION
control field 20161031105217.0
006 - FIXED-LENGTH DATA ELEMENTS--ADDITIONAL MATERIAL CHARACTERISTICS--GENERAL INFORMATION
fixed length control field m||||||||d||||||||
007 - PHYSICAL DESCRIPTION FIXED FIELD--GENERAL INFORMATION
fixed length control field cr |||||||||||
008 - FIXED-LENGTH DATA ELEMENTS--GENERAL INFORMATION
fixed length control field 120315s2011 cau fo| 001|0|eng d
020 ## - INTERNATIONAL STANDARD BOOK NUMBER
International Standard Book Number 9781452230429 (ebook) :
Terms of availability No price
040 ## - CATALOGING SOURCE
Original cataloging agency StDuBDS
Language of cataloging eng
Transcribing agency StDuBDS
Description conventions pn
049 ## - LOCAL HOLDINGS (OCLC)
Holding library Alfaisal Main Library
050 #0 - LIBRARY OF CONGRESS CALL NUMBER
Classification number HV11
Item number .L48 2011
082 04 - DEWEY DECIMAL CLASSIFICATION NUMBER
Classification number 361.30973
Edition number 23
245 04 - TITLE STATEMENT
Title The social workout book
Medium [electronic resource] :
Remainder of title strength-building exercises for the pre-professional /
Statement of responsibility, etc [edited by] Alice A. Lieberman.
250 ## - EDITION STATEMENT
Edition statement 2nd ed.
260 ## - PUBLICATION, DISTRIBUTION, ETC. (IMPRINT)
Place of publication, distribution, etc Thousand Oaks, Calif. :
Name of publisher, distributor, etc SAGE,
Date of publication, distribution, etc 2011.
300 ## - PHYSICAL DESCRIPTION
Extent 1 online resource (xvi, 147 p.)
500 ## - GENERAL NOTE
General note Previous ed.: published as The social workout book / Alice A. Lieberman. c1998.
520 8# - SUMMARY, ETC.
Summary, etc This book is for the social work or social welfare student fortunate enough to be offered active or collaborative learning right from the start. Picking up on the topics of the typical mega textbook, Alice Lieberman invites the students to apply critical thinking to the fierce debates and issues which lie underneath the bland interior of their textbook, and debate them with their fellow students.
521 ## - TARGET AUDIENCE NOTE
Target audience note Specialized.
588 ## -
-- Description based on print version record.
504 ## - BIBLIOGRAPHY, ETC. NOTE
Bibliography, etc Includes bibliographical references and index.
650 #0 - SUBJECT ADDED ENTRY--TOPICAL TERM
Topical term or geographic name as entry element Social work education
Geographic subdivision United States.
655 #7 - INDEX TERM--GENRE/FORM
Genre/form data or focus term Electronic books.
Source of term local
700 1# - ADDED ENTRY--PERSONAL NAME
Personal name Lieberman, Alice A.
700 1# - ADDED ENTRY--PERSONAL NAME
Personal name Lieberman, Alice A.
Title of a work Social workout book.
710 2# - ADDED ENTRY--CORPORATE NAME
Corporate name or jurisdiction name as entry element Sage eBooks
776 08 - ADDITIONAL PHYSICAL FORM ENTRY
Display text Print version :
International Standard Book Number 9781412965149
856 40 - ELECTRONIC LOCATION AND ACCESS
Uniform Resource Identifier <a href="http://ezproxy.alfaisal.edu/login?url=http://sk.sagepub.com/books/the-social-workout-book-2e">http://ezproxy.alfaisal.edu/login?url=http://sk.sagepub.com/books/the-social-workout-book-2e</a>
942 ## - ADDED ENTRY ELEMENTS (KOHA)
Source of classification or shelving scheme Library of Congress Classification
Koha item type eBooks

No items available.

Copyright © 2020 Alfaisal University Library. All Rights Reserved.
Tel: +966 11 2158948 Fax: +966 11 2157910 Email:
librarian@alfaisal.edu